Statistics for Pixelated World Map - Single Pixels Only

Click here to take the quiz!

General Stats

  • This quiz has been taken 2,433 times
  • The average score is 27 of 33

Answers on the Map

Answers color-coded by a green-red scale on the quiz's map according to % correct below.
 

Answer Stats

Country% Correct
Ireland
98%
Netherlands
93%
North Korea
93%
South Korea
93%
Ecuador
90%
Suriname
90%
Guyana
89%
Greece
87%
Lithuania
86%
Guatemala
85%
Tunisia
85%
Nepal
84%
Nicaragua
84%
Bangladesh
83%
Czech Republic
81%
Laos
81%
Serbia
81%
Austria
80%
Hungary
79%
Bulgaria
78%
Jordan
78%
Syria
78%
Azerbaijan
77%
Eritrea
77%
Ghana
77%
Senegal
77%
Guinea
76%
Uganda
76%
Sierra Leone
74%
Tajikistan
73%
Benin
72%
Kyrgyzstan
72%
Zimbabwe
66%

Score Distribution

Percentile by Number Answered

Percent of People with Each Score

Your Score History

You have not taken this quiz